00435pab a2200157 454500008004000000100002000040245006000060260000900120300001300129362000800142650003500150650003000185650001400215700002200229773002600251180718b2001 xxu||||| |||| 00| 0 eng d aRallings, Colin aElections and public opinion: the end of the honeymoon? c2001 ap.322-36 aApr aPublic opinion - Great Britain aElections - Great Britain aElections aThrasher, Michael aParliamentary Affairs